[Event "Clermont Ferrand op 21st"]
[Site "Clermont Ferrand"]
[Date "2001.??.??"]
[Round "3"]
[White "Sermek, Drazen"]
[Black "Rue, David"]
[Result "1-0"]
[WhiteElo "2515"]
[BlackElo "2137"]
[PlyCount "73"]
[EventDate "2001.??.??"]
[EventType "swiss"]
[EventRounds "9"]
[EventCountry "FRA"]
[SourceTitle "EXT 2002"]
[Source "ChessBase"]
[SourceDate "2001.11.25"]
[SourceVersion "1"]
[SourceVersionDate "2001.11.25"]
[SourceQuality "1"]

1. e4 d6 2. d4 c6 3. Nc3 g6 4. f4 d5 5. e5 h5 6. Nf3 Nh6 7. Be3 Bg4 8. h3 Bxf3 9. Qxf3 Nf5 10. Bf2 h4 11. Bd3 e6 12. 0-0 b5 13. a4 b4 14. Ne2 a5 15. c3 Nd7 16. Rfc1 Qb6 17. c4 Be7 18. cxd5 cxd5 19. Bb5 Ra7 20. Rc6 Qb7 21. Rac1 0-0 22. Kh2 Kg7 23. b3 Bd8 24. Bd3 Ne7 25. R6c2 Rh8 26. Qg4 Nf5 27. Bxf5 exf5 28. Qf3 Nb6 29. Qd3 Qd7 30. Ng1 g5 31. fxg5 Bxg5 32. Be3 f4 33. Nf3 Qe7 34. Bd2 Bh6 35. Rc6 Nd7 36. Be1 Bg5 37. Qf5 1-0

[Event "Saint Quentin op"]
[Site "Saint Quentin"]
[Date "1999.04.19"]
[Round "3"]
[White "Chiche, Jonathan"]
[Black "Rue, David"]
[Result "0-1"]
[WhiteElo "2051"]
[BlackElo "2153"]
[PlyCount "84"]
[EventDate "1999.04.??"]
[EventType "swiss"]
[EventRounds "9"]
[EventCountry "FRA"]
[SourceTitle "EXT 2000"]
[Source "ChessBase"]
[SourceDate "1999.11.16"]
[SourceVersion "1"]
[SourceVersionDate "1999.11.16"]
[SourceQuality "1"]

1. c4 Nf6 2. Nf3 b6 3. g3 e6 4. Bg2 Bb7 5. 0-0 Be7 6. d3 0-0 7. b3 d5 8. Bb2 c5 9. cxd5 exd5 10. d4 Nbd7 11. Nc3 Rc8 12. Rc1 Re8 13. Qd3 Ne4 14. h4 cxd4 15. Nxd4 Ne5 16. Qe3 Bc5 17. Nxe4 dxe4 18. Rfd1 Qf6 19. Qg5 Qxg5 20. hxg5 Rcd8 21. Nf5 Ng4 22. e3 g6 23. Nd4 Ne5 24. Nb5 Nd3 25. Rc2 Nxb2 26. Rxd8 Rxd8 27. Rxb2 a6 28. Nc3 Re8 29. Rd2 Bc6 30. Kh2 h6 31. gxh6 f5 32. Ne2 Kh7 33. Nf4 Kxh6 34. Bf1 g5 35. Nh3 a5 36. Bc4 Kg6 37. Bd5 Bb5 38. a4 Bd3 39. Bc6 Rh8 40. Kg2 Bb4 41. Rb2 Rc8 42. Bd5 Rc1 0-1

[Event "FRA-chT2S 9798"]
[Site "France"]
[Date "1998.??.??"]
[Round "9"]
[White "Rue, David"]
[Black "Pujos, Stephane"]
[Result "1/2-1/2"]
[WhiteElo "2145"]
[BlackElo "2235"]
[PlyCount "82"]
[EventDate "1997.??.??"]
[EventType "team-tourn"]
[EventRounds "9"]
[EventCountry "FRA"]
[SourceTitle "EXT 2003"]
[Source "ChessBase"]
[SourceDate "2002.11.25"]
[SourceVersion "1"]
[SourceVersionDate "2002.11.25"]
[SourceQuality "1"]

1. d4 Nf6 2. c4 g6 3. Nc3 d5 4. cxd5 Nxd5 5. Na4 Nf6 6. Nf3 Bg7 7. Bf4 0-0 8. e3 Nbd7 9. Be2 c5 10. Nxc5 Nxc5 11. dxc5 Qa5+ 12. Qd2 Qxd2+ 13. Nxd2 Nd5 14. Nc4 Nxf4 15. exf4 Bd4 16. Rc1 Bxc5 17. Bf3 Rb8 18. 0-0 Be6 19. b3 b6 20. Ne5 a5 21. Nc6 Rbc8 22. Rxc5 bxc5 23. Nxe7+ Kg7 24. Nxc8 Rxc8 25. Rc1 c4 26. Kf1 Kf6 27. Be4 cxb3 28. Rxc8 Bxc8 29. axb3 Be6 30. Bc2 Ke7 31. Ke2 Kd6 32. Kd2 Kc5 33. Kc3 Bd5 34. f3 h6 35. h4 Be6 36. Be4 h5 37. Bb7 Bf5 38. Be4 Be6 39. Bb7 Bf5 40. Be4 Be6 41. Bd3 f5 1/2-1/2